[Event "ITA-chT"]
[Site "Italy"]
[Date "1995.??.??"]
[Round "?"]
[White "Gasser, Giorgio"]
[Black "Gervasi, Giancarlo"]
[Result "1-0"]
[WhiteElo "2300"]
[BlackElo "2325"]
[PlyCount "90"]
[EventDate "1995.??.??"]
[EventType "team"]
[EventRounds "7"]
[EventCountry "ITA"]
[SourceTitle "EXT 2000"]
[Source "ChessBase"]
[SourceDate "1999.11.16"]
[SourceVersion "1"]
[SourceVersionDate "1999.11.16"]
[SourceQuality "1"]

1. e4 Nf6 2. e5 Nd5 3. d4 d6 4. Nf3 g6 5. c4 Nb6 6. Be2 Bg7 7. exd6 cxd6 8. 0-0 0-0 9. Nc3 Bg4 10. Be3 Nc6 11. b3 d5 12. c5 Nc8 13. Nd2 Bxe2 14. Nxe2 e6 15. b4 a6 16. Qb3 N8e7 17. a4 Nf5 18. Nf3 Nxe3 19. fxe3 Bh6 20. b5 Na5 21. Qd3 Nc4 22. Nf4 axb5 23. axb5 Qf6 24. b6 Bxf4 25. exf4 Qxf4 26. Ra7 Rxa7 27. bxa7 Ra8 28. Ra1 b6 29. Qb3 Qc7 30. Ne5 Rxa7 31. Rxa7 Qxa7 32. Nxc4 bxc5 33. Nb2 cxd4 34. Kf1 Kg7 35. Ke2 Qc7 36. g3 h5 37. Nd3 h4 38. Nf2 hxg3 39. hxg3 Qc4+ 40. Qd3 f5 41. Nh3 Kf6 42. Ng1 e5 43. Kd2 f4 44. gxf4 Qxd3+ 45. Kxd3 exf4 1-0

[Event "Rome op"]
[Site "Rome"]
[Date "1990.??.??"]
[Round "3"]
[White "Gervasi, Giancarlo"]
[Black "Doncevic, Dario"]
[Result "0-1"]
[WhiteElo "2350"]
[BlackElo "2335"]
[PlyCount "100"]
[EventDate "1990.02.??"]
[EventType "swiss"]
[EventRounds "9"]
[EventCountry "ITA"]
[SourceTitle "TD"]
[Source "ChessBase"]
[SourceDate "1994.03.01"]
[SourceVersion "1"]
[SourceVersionDate "1994.03.01"]
[SourceQuality "1"]

1. d4 Nf6 2. c4 g6 3. Nc3 d5 4. cxd5 Nxd5 5. e4 Nxc3 6. bxc3 Bg7 7. Bc4 0-0 8. Ne2 Nc6 9. 0-0 b6 10. Be3 Bb7 11. Bb5 Na5 12. f3 e6 13. Qd2 Qe7 14. Bh6 c5 15. Bxg7 Kxg7 16. e5 Rfd8 17. Qf4 Rac8 18. Rfd1 a6 19. Bd3 Rd7 20. h4 Rcd8 21. Rd2 cxd4 22. cxd4 Nc6 23. Be4 f5 24. exf6+ Qxf6 25. Bxc6 Bxc6 26. Rb1 b5 27. Qxf6+ Kxf6 28. Kf2 Bd5 29. Nc3 Bc4 30. Ke3 e5 31. Ne4+ Ke7 32. dxe5 Rxd2 33. Nxd2 Rd3+ 34. Ke2 Rb3+ 35. Kf2 Rxb1 36. Nxb1 Bxa2 37. Nc3 Bc4 38. Ke3 Ke6 39. Kd4 a5 40. f4 Bf1 41. Nd5 a4 42. Ne3 a3 43. g4 a2 44. f5+ gxf5 45. gxf5+ Kf7 46. Nc2 Bh3 47. Ke4 b4 48. Na1 Bg4 49. f6 Be6 50. Kd4 Kg6 0-1

[Event "Rome op"]
[Site "Rome"]
[Date "1990.??.??"]
[Round "2"]
[White "Lanka, Zigurds"]
[Black "Gervasi, Giancarlo"]
[Result "1-0"]
[WhiteElo "2480"]
[BlackElo "2350"]
[PlyCount "82"]
[EventDate "1990.02.??"]
[EventType "swiss"]
[EventRounds "9"]
[EventCountry "ITA"]
[SourceTitle "TD"]
[Source "ChessBase"]
[SourceDate "1994.03.01"]
[SourceVersion "1"]
[SourceVersionDate "1994.03.01"]
[SourceQuality "1"]

1. e4 d6 2. d4 Nf6 3. Nc3 c6 4. f4 Qa5 5. Bd3 e5 6. dxe5 dxe5 7. f5 b5 8. Qf3 Bc5 9. Bd2 Qb6 10. Nge2 Nbd7 11. g4 h6 12. Ng3 Bb7 13. h4 0-0-0 14. 0-0-0 Ne8 15. g5 hxg5 16. hxg5 Rg8 17. g6 f6 18. Kb1 Bf8 19. Be3 Qa5 20. Qf2 Kb8 21. Nge2 Nd6 22. Nc1 Bc8 23. Nb3 Qc7 24. a4 b4 25. Ne2 Nb6 26. a5 Na4 27. Ng3 Be7 28. Qe2 Nb7 29. Bc4 Rxd1+ 30. Rxd1 Rh8 31. Nh5 Bf8 32. Be6 Nd6 33. Bxc8 Qxc8 34. Nxf6 Nb5 35. Nd7+ Kc7 36. Kc1 Nac3 37. bxc3 Nxc3 38. Qd3 Nxd1 39. Nxf8 Rh1 40. Kd2 Qxf8 41. Nc5 Qe7 1-0

[Event "Rome op"]
[Site "Rome"]
[Date "1990.??.??"]
[Round "8"]
[White "Marinelli, Tullio"]
[Black "Gervasi, Giancarlo"]
[Result "1-0"]
[WhiteElo "2400"]
[BlackElo "2350"]
[PlyCount "71"]
[EventDate "1990.02.??"]
[EventType "swiss"]
[EventRounds "9"]
[EventCountry "ITA"]
[SourceTitle "TD"]
[Source "ChessBase"]
[SourceDate "1994.03.01"]
[SourceVersion "1"]
[SourceVersionDate "1994.03.01"]
[SourceQuality "1"]

1. d4 d5 2. Nf3 Nf6 3. c4 dxc4 4. e3 Bg4 5. Bxc4 e6 6. h3 Bh5 7. Nc3 Nbd7 8. e4 Bb4 9. e5 Nd5 10. Bd2 N7b6 11. Bd3 0-0 12. Qc2 Bxf3 13. Bxh7+ Kh8 14. gxf3 c5 15. Rg1 Qh4 16. Be4 cxd4 17. Nxd5 Bxd2+ 18. Qxd2 exd5 19. Bd3 Rac8 20. Qg5 Qxg5 21. Rxg5 g6 22. f4 Na4 23. Rb1 Kg7 24. f5 Rh8 25. fxg6 Rxh3 26. gxf7+ Kxf7 27. Ke2 Rh6 28. Bf5 Re8 29. f4 Nc5 30. Rbg1 Ne6 31. Bxe6+ Kxe6 32. Kd3 Rf8 33. R1g4 Rh3+ 34. Kxd4 Rf3 35. Rg6+ Ke7 36. Kxd5 1-0

[Event "ITA-ch44"]
[Site "Arcidosso"]
[Date "1985.04.02"]
[Round "10"]
[White "Mantovani, Renzo"]
[Black "Gervasi, Giancarlo"]
[Result "0-1"]
[WhiteElo "2365"]
[BlackElo "2375"]
[PlyCount "190"]
[EventDate "1985.03.23"]
[EventType "tourn"]
[EventRounds "13"]
[EventCountry "ITA"]
[SourceTitle "EXT 2000"]
[Source "ChessBase"]
[SourceDate "1999.11.16"]
[SourceVersion "1"]
[SourceVersionDate "1999.11.16"]
[SourceQuality "1"]

1. e4 e5 2. Nf3 Nf6 3. Nc3 Bb4 4. a3 Bxc3 5. dxc3 d6 6. Bd3 Nbd7 7. Be3 Qe7 8. Qe2 Nc5 9. Bxc5 dxc5 10. Nd2 Be6 11. f3 a6 12. a4 0-0 13. a5 Ne8 14. Nf1 Nd6 15. Ne3 Qh4+ 16. g3 Qh3 17. 0-0-0 Rfb8 18. Rd2 b6 19. axb6 Rxb6 20. Rhd1 a5 21. Bc4 Rab8 22. b3 a4 23. Nd5 Bxd5 24. Rxd5 Qh6+ 25. Kb1 axb3 26. Bxb3 Qe6 27. c4 Nb7 28. Qd2 h6 29. Kc1 Rb4 30. Qc3 f6 31. Qe3 Kh7 32. R1d3 Qh3 33. f4 exf4 34. gxf4 Qxh2 35. e5 f5 36. Qg3 Qxg3 37. Rxg3 Rd8 38. Rgd3 Rxd5 39. Rxd5 Na5 40. Rxc5 Rxb3 41. Rxa5 Rf3 42. e6 Re3 43. Rxf5 Rxe6 44. Rc5 Re7 45. Kd2 Kg6 46. Kd3 Kf6 47. Rh5 Kg6 48. Rc5 Kf7 49. Kd4 g6 50. Rc6 Kg7 51. Ra6 h5 52. Kd5 h4 53. c5 Re8 54. c4 h3 55. Ra2 Kf6 56. Rh2 Rh8 57. Ke4 c6 58. Kf3 Kf5 59. Kg3 Ra8 60. Rf2 Ra3+ 61. Kh2 Rc3 62. Rf1 Rxc4 63. Kxh3 Rxf4 64. Rc1 Ke5 65. Rd1 Rd4 66. Rg1 Kf5 67. Rc1 Rd6 68. Rc4 Ke5 69. Kg2 Rd4 70. Rc3 Kd5 71. Kf2 g5 72. Rc1 Rc4 73. Rg1 g4 74. Ke3 Kxc5 75. Kd3 Ra4 76. Kd2 Kd5 77. Rh1 g3 78. Rh5+ Kc4 79. Rg5 Ra2+ 80. Ke3 g2 81. Rg8 c5 82. Rg7 Kc3 83. Rg8 c4 84. Rg7 Ra7 85. Rxg2 Re7+ 86. Kf2 Kb3 87. Rg8 c3 88. Rc8 Kc2 89. Rb8 Kc1 90. Rc8 c2 91. Rb8 Re5 92. Rb7 Kd2 93. Rd7+ Kc3 94. Rc7+ Kd3 95. Rc8 Re4 0-1

[Event "ITA-ch44"]
[Site "Arcidosso"]
[Date "1985.03.30"]
[Round "7"]
[White "Gervasi, Giancarlo"]
[Black "Martorelli, Antonio"]
[Result "1/2-1/2"]
[WhiteElo "2375"]
[BlackElo "2335"]
[PlyCount "21"]
[EventDate "1985.03.23"]
[EventType "tourn"]
[EventRounds "13"]
[EventCountry "ITA"]
[SourceTitle "EXT 2000"]
[Source "ChessBase"]
[SourceDate "1999.11.16"]
[SourceVersion "1"]
[SourceVersionDate "1999.11.16"]
[SourceQuality "1"]

1. d4 Nf6 2. Nf3 g6 3. g3 Bg7 4. Bg2 0-0 5. 0-0 d6 6. b3 a5 7. a4 Nc6 8. Bb2 e5 9. dxe5 Ng4 10. Nbd2 Ngxe5 11. Rb1 1/2-1/2

[Event "ITA-ch44"]
[Site "Arcidosso"]
[Date "1985.03.23"]
[Round "1"]
[White "Gervasi, Giancarlo"]
[Black "Belotti, Bruno"]
[Result "1/2-1/2"]
[WhiteElo "2375"]
[BlackElo "2260"]
[PlyCount "66"]
[EventDate "1985.03.23"]
[EventType "tourn"]
[EventRounds "13"]
[EventCountry "ITA"]
[SourceTitle "EXT 2000"]
[Source "ChessBase"]
[SourceDate "1999.11.16"]
[SourceVersion "1"]
[SourceVersionDate "1999.11.16"]
[SourceQuality "1"]

1. d4 Nf6 2. Nf3 g6 3. Bf4 Bg7 4. e3 d6 5. h3 0-0 6. Be2 Nbd7 7. 0-0 Qe8 8. c4 e5 9. Bh2 Ne4 10. Nbd2 Nxd2 11. Qxd2 e4 12. Ne1 f5 13. b4 g5 14. c5 Qg6 15. cxd6 cxd6 16. Rc1 Bh6 17. Rc7 f4 18. f3 g4 19. fxg4 fxe3 20. Qc2 Rxf1+ 21. Bxf1 Nb6 22. Re7 d5 23. Qc7 Be6 24. Qe5 Re8 25. Rxe8+ Qxe8 26. Nc2 Bf7 27. Bf4 Qxe5 28. Bxe5 Na4 29. h4 Nc3 30. g5 Bxg5 31. hxg5 e2 32. Bxe2 Nxe2+ 33. Kf2 Nc3 1/2-1/2